000 00329nam a2200121Ia 4500
008 240624s9999 xx 000 0 und d
041 _aeng
100 _aBROWN JOHN CROSBY
245 _aHUNDRED YEARS OF MERCHANT BANKING A HIST
260 _c1909
_aNew York
_bPrivately Printed
300 _axxxiii, 374 p.; 23 cm.
365 _c
_b38
999 _c31623
_d31623